The architecture of the well-tempered environment

Αποθηκεύτηκε σε:
Λεπτομέρειες βιβλιογραφικής εγγραφής
Κύριος συγγραφέας: Banham, Reyner
Μορφή: Βιβλίο
Γλώσσα:English
Δημοσίευση: Chicago : University of Chicago Press, 1984
Έκδοση:2nd ed.
Θέματα:
Ετικέτες: Προσθήκη ετικέτας
Δεν υπάρχουν, Καταχωρήστε ετικέτα πρώτοι!

MARC

LEADER 00000nam a2200000 i 4500
001 1/14152
008 001204s1984 eng d
020 |a 0-226-03698-7 
035 |l 10064894 
040 |a GR-MY-UA  |b gre  |e aacr 
041 0 |a eng 
082 0 |a 720.47 
100 1 |a Banham, Reyner. 
245 1 4 |a The architecture of the well-tempered environment /  |c Reyner Banham 
250 |a 2nd ed. 
260 |a Chicago :   |b University of Chicago Press,   |c 1984 
300 |a 319 p.;  |b ill.;  |c 20 cm. 
504 |a Includes bibliographical references and index 
650 0 0 |a Buildings  |x Environmental engineering. 
852 |a INST  |b SYROS  |e 20001204  |h 720.47 BAN  |p 005500002308  |q 005500002308  |t BK  |y 0 
901 |a BIBL5-2000-3 
909 |a Ε  |b 082529 
922 |a 5ΕΛΗ  |b 200010  |c ΒΙΒΛΙΟΘΗΚΗ  |d ΜΙΧΑΛΟΠΟΥΛΟΣ 
950 |a 183-2000-09-11 
970 |a ΠΟΥΡΝΑΡΑΣ  |b ΔΗΜΗΤΡΗΣ  |z 2000/12/15